| 000 | 01005nam a2200301 i 4500 | ||
|---|---|---|---|
| 001 | 19019 | ||
| 003 | ES-MaACL | ||
| 005 | 20240125164727.0 | ||
| 007 | t| | ||
| 008 | 020514s2001 sp ||||0| spa j | ||
| 020 | _a84-87943-88-8 | ||
| 080 | _a1 Kant, Immanuel | ||
| 080 | _a17.022.1 | ||
| 100 | 1 |
_aScheler, Max. _9104283 |
|
| 245 | 1 | 0 |
_aÉtica _b: nuevo ensayo de fundamentación de un personalismo ético / _cMax Scheler ; traducción de Hilario Rodríguez Sanz ; introducción de Juan Miguel Palacios. |
| 250 | _a3ª ed. rev. | ||
| 260 |
_aMadrid : _bCaparrós, _c2001. |
||
| 300 |
_aXXII, 758 p. ; _c22 cm. |
||
| 490 | 1 |
_aEsprit ; _v45 |
|
| 600 | 1 | 4 |
_aKant, Immanuel, _d1724-1804- _xCrítica e interpretación _967497 |
| 650 | 1 | 4 |
_aValores (Filosofía) _9154937 |
| 700 | 1 |
_aRodríguez Sanz, Hilario. _998813 |
|
| 700 | 1 |
_aPalacios, Juan Miguel. _988407 |
|
| 830 | 0 |
_aEsprit ; _v45 _9179551 |
|
| 852 |
_aES-MaACL _jL-25501 |
||
| 999 |
_c19019 _d19019 |
||